Mechanical spectroscopy II, MS-2: proceedings of the 2nd international school on mechanical spectroscopy MS-2
Saved in:
| Hovedforfatter: | |
|---|---|
| Format: | Bog |
| Sprog: | engelsk |
| Udgivet: |
Zurich
Scitec Publications
2003
|
| Fag: | |
| Tags: |
Tilføj Tag
Ingen Tags, Vær først til at tagge denne postø!
|
MARC
| LEADER | 00000nam a2200000 a 4500 | ||
|---|---|---|---|
| 001 | UCL7662 | ||
| 003 | CL-VaPUC | ||
| 005 | 20210930101448.0 | ||
| 008 | 040528e20030000sz 1 eng d | ||
| 020 | |a 3908450748 | ||
| 082 | 0 | 4 | |a 543.0858 |b MAG |2 21 |
| 100 | 1 | |a Magalas, Leszek B |e author |9 620589 | |
| 245 | 1 | 0 | |a Mechanical spectroscopy II, MS-2: proceedings of the 2nd international school on mechanical spectroscopy MS-2 |
| 260 | |a Zurich |b Scitec Publications |c 2003 | ||
| 300 | |a 369 p | ||
| 583 | |a last modification |c 20190826 08:50:20 |k Rodrigo Vera | ||
| 650 | 0 | 0 | |a Química |9 259896 |
| 650 | 0 | 0 | |a Espectroscopía |9 306791 |
| 650 | 0 | 0 | |a Propiedades de los materiales |9 465461 |
| 650 | 0 | 0 | |a Resistencia de materiales |9 260095 |
| 942 | |c BK | ||
| 945 | |a cmena |d 20040528 00:00:00 | ||
| 546 | |a En Inglés | ||
| 536 | |a Polish State Committee for Scientific Research | ||
| 536 | |a University of Mining and Metallurgy | ||
| 518 | |p International School on Mechanical Spectroscopy MS-2, 2, Polonia, december 3-8 2000 | ||
| 999 | |c 384041 |d 384039 | ||
| 952 | |0 0 |1 0 |4 0 |6 543_085800000000000_MAG_2003 |7 0 |8 A |9 506450 |a BIBCUR |b BIBCUR |d 2020-01-23 |i 4029755 |o 543.0858 MAG 2003 |p 4029755 |r 2025-04-22 |w 2020-01-23 |y BK |k FIS | ||